000
00449nam a2200169Ia 4500
008
090711s9999 xx 000 0 und d
082
_b
51474
100
_a
शेळके उद्धव ज.
245
_a
साहेब
260
_c
1975
300
_a
488
600
_a
शेळके उद्धव ज.
630
_a
साहेब
700
_a
शेळके उद्धव ज.
730
_a
साहेब
942
_c
BOOK
999
_c
301664
_d
301664